LDR 00568naa#a2200169#i#450# 001 EN\\bibl\104483 005 20260703073347.5 011 ## _a2227-1171 100 ## _a20260630b2026####ek#y0engy0150####ca 102 ## _aRU 200 1# _aSOCIAL CONDITIONALITY OF CRIMINALISATION OF ACTIONS IN THE ECONOMY _eJournal article 210 1# _aKazan _cKazan law institute Ministry of Internal Affairs Russian Federation _d2026 215 ## _a6 с. 608 ## _aJournal article _2local 675 ## _aУголовное право. 343.2/.7 _z 700 #1 _aDovgan' _gMaksim Andreevich 856 4# _avestnikkui.ru _u